000
00178nam a2200073Ia 4500
008
170617s9999 xx 000 0 und d
100
_a
Wallis-T.E
245
0
_a
Textbook of Pharmacognosy
260
_b
Mumbai-Source
999
_c
14729
_d
14729